| 000 | 00619nam a22001937a 4500 | ||
|---|---|---|---|
| 005 | 20161128111622.0 | ||
| 010 | _aENG-116677 | ||
| 020 |
_a9789350502877 _c1950.00 |
||
| 035 | _aEN-100209 | ||
| 037 | _bDBAD/PUB | ||
| 082 | _a305.800954 | ||
| 100 | _aPegu, Namita | ||
| 245 |
_aTribal culture in ethnographic museum / _cby Namita Pegu |
||
| 260 |
_aDelhi _bB.R. Publishing Corporation _c2016 |
||
| 270 |
_a425,Nimri Colony,Ashok Vihar,Phase-V _bDelhi _e110052 |
||
| 300 |
_axv,292p. : _c23cm(Hb) _bill(maps) |
||
| 500 | _aIncludes bibliographical references | ||
| 942 |
_2ddc _cEN _h305.800954 _mPEG |
||
| 999 |
_c104782 _d104782 |
||